| 000 | 00948nam a22003017a 4500 | ||
|---|---|---|---|
| 999 |
_c200451453 _d69665 |
||
| 001 | 200451453 | ||
| 003 | TR-AnTOB | ||
| 005 | 20230120145348.0 | ||
| 007 | ta | ||
| 008 | 230120s2006 tu a|||j |||| 00| j tur d | ||
| 020 | _a9789754993677 | ||
| 040 |
_aTR-AnTOB _beng _erda _cTR-AnTOB |
||
| 041 | 0 | _atur | |
| 092 |
_a808.068 _bMUSy 2006 |
||
| 100 | 1 |
_aMusaoğlu, Ebru Batur _eauthor _9140245 |
|
| 245 | 1 | 0 |
_aYolcu ile ayı / _cEbru Batur Musaoğlu ; Resimleyen: Elif Songür Dağ. |
| 250 | _a1. baskı | ||
| 264 | 1 |
_aAnkara : _bKök Yayıncılık, _c2006. |
|
| 300 |
_a[16] pages : _billustrations ; _c24 cm. |
||
| 336 |
_2rdacontent _atext _btxt |
||
| 337 |
_2rdamedia _aunmediated _bn |
||
| 338 |
_2rdacarrier _avolume _bnc |
||
| 653 |
_aÇocuk edebiyatı _aÇocuk hikayeleri _aArkadaşlık _aYardımlaşma |
||
| 700 | 1 |
_aDağ, Elif Songür _eillustrator _9100509 |
|
| 942 |
_2ddc _cBK |
||